000 00658nam a2200241 i 4500
001 C2-0063077
003 PPAK
005 20190630222113.0
008 970304s1991 my |||| ||||| | may d
020 _a9836220755
040 _aPPAK
_beng
_cPPAK
_erda
082 0 4 _a371.332
_223
090 0 0 _a371.332
_bCOU
_dG
100 1 _aCourtney, Richard,
_eauthor
245 1 0 _aLakon, drama dan pemikiran
264 1 _aKuala Lumpur :
_bDewan Bahasa dan Pustaka ,
_c1991
300 _axxvii, 385 pages ;
_c21 cm
336 _2rdacontent
_atext
337 _2rdamedia
_aunmediated
338 _2rdacarrier
_avolume
650 1 0 _aDrama in education
942 _ddc
_cB
999 _c7266
_d7266